Sree modbhagowadgita (Record no. 4163)

MARC details
000 -LEADER
fixed length control field 00439cam a2200181ua 4500
001 - CONTROL NUMBER
control field 4351
005 - DATE AND TIME OF LATEST TRANSACTION
control field 20260515113823.0
008 - FIXED-LENGTH DATA ELEMENTS--GENERAL INFORMATION
fixed length control field 111224n ii |||gr||||Z||||||asm
040 ## - CATALOGING SOURCE
Transcribing agency MAIN
082 ## - DEWEY DECIMAL CLASSIFICATION NUMBER
Classification number 294.5924
100 ## - MAIN ENTRY--PERSONAL NAME
Personal name Saikia, Hiranya, ,
245 11 - TITLE STATEMENT
Title Sree modbhagowadgita
Statement of responsibility, etc. by Hiranya Saikia
250 ## - EDITION STATEMENT
Edition statement 1st.
260 ## - PUBLICATION, DISTRIBUTION, ETC.
Place of publication, distribution, etc. Dibrugarh:
Name of publisher, distributor, etc. Anupam prakashan.
300 ## - PHYSICAL DESCRIPTION
Extent 320p:
Dimensions 23cm.
653 ## - INDEX TERM--UNCONTROLLED
Uncontrolled term Sree modbhagowadgita
942 ## - ADDED ENTRY ELEMENTS (KOHA)
Koha item type Books
Holdings
Withdrawn status Lost status Damaged status Not for loan Home library Current library Shelving location Date acquired Total checkouts Full call number Barcode Date last seen Copy number Price effective from Koha item type
        Naharkatiya College Library Naharkatiya College Library General stacks 09/19/2020   294.5924 | SAI 19232 09/19/2020 2 09/19/2020 Books
        Naharkatiya College Library Naharkatiya College Library General stacks 09/19/2020   294.5924 | SAI 19234 09/19/2020 1 09/19/2020 Books